| 000 | 00981cac a22002775a 4500 | ||
|---|---|---|---|
| 999 |
_c10982 _d10982 |
||
| 008 | 081111t2009 nyua frb 001 0 eng d | ||
| 020 | _a9780071263375 | ||
| 020 | _a0071263373 | ||
| 040 |
_aEG-ScBUE _beng _cEG-ScBUE _dEG-ScBUE |
||
| 082 | 0 | 4 |
_a158.7 _bJAN _222 |
| 100 | 1 |
_aDe Janasz, Suzanne C. _912213 |
|
| 245 | 1 | 0 |
_aInterpersonal skills in organizations / _cSuzanne C. De Janasz, Karen O. Dowd, Beth Z. Schneider. |
| 250 | _a3rd ed., International ed. | ||
| 260 |
_aNew York : _bMcGraw-Hill, _cc.2009. |
||
| 300 |
_axxii, 441 p. : _bill. ; _c28 cm. |
||
| 500 | _aIncludes bibliographical references and index. | ||
| 541 | _aAbdulrahman finence ; | ||
| 650 | 7 |
_aOrganizational behavior. _2BUEsh _912214 |
|
| 650 | 7 |
_aPsychology, Industrial. _2BUEsh _912215 |
|
| 650 | 7 |
_aInterpersonal relations. _2BUEsh _912216 |
|
| 651 | _2BUEsh | ||
| 653 |
_bGGEN _bBUSADM _cApril2019 |
||
| 700 | 1 |
_aDowd, Karen O. _912217 |
|
| 700 | 1 |
_aSchneider, Beth Z. _912218 |
|
| 942 | _2ddc | ||